Países que contienen la letra V - Estadísticas

Estadísticas generales
  • Esta prueba ha sido intentada 984 veces
  • La puntuación promedio es 12 de 18
Estadísticas de respuestas
País % Correcto
Venezuela
98%
Vietnam
90%
Vanuatu
87%
Ciudad del Vaticano
80%
Eslovaquia
73%
Eslovenia
73%
Tuvalu
72%
San Vicente y las Granadinas
70%
Nueva Zelanda
69%
Bolivia
66%
Moldavia
65%
Cabo Verde
62%
Maldivas
60%
Bosnia y Herzegovina
59%
Kosovo
54%
Papúa Nueva Guinea
54%
San Cristóbal y Nieves
54%
El Salvador
52%
No se encontraron pruebas coincidentes
Distribución de puntuación
Porcentaje de gente con cada puntuación
Porcentaje por número respondido
Historial de tus puntuaciones
No has intentado esta prueba.